Naked economics : (Record no. 35039)

MARC details
000 -LEADER
campo de control de longitud fija 02038cam a22003254a 4500
001 - NÚMERO DE CONTROL
campo de control 119742
005 - FECHA Y HORA DE LA ÚLTIMA TRANSACCIÓN
campo de control 20230410105345.0
008 - DATOS DE LONGITUD FIJA--INFORMACIÓN GENERAL
campo de control de longitud fija 020313s2002 nyu b 001 0 eng
035 ## - NÚMERO DE CONTROL DEL SISTEMA
Número de control de sistema 12702566
010 ## - NÚMERO DE CONTROL DE LA BIBLIOTECA DEL CONGRESO
Número de control de LC 2002023580
020 ## - NÚMERO INTERNACIONAL ESTÁNDAR DEL LIBRO
Número Internacional Estándar del Libro 0393049825 (hbk. : alk. paper)
040 ## - FUENTE DE CATALOGACIÓN
Centro catalogador/agencia de origen DLC
Centro/agencia transcriptor DLC
Centro/agencia modificador DLC
041 ## - CÓDIGO DE IDIOMA
Código de lengua del texto/banda sonora o título independiente Eng
042 ## - CÓDIGO DE AUTENTICACIÓN
Código de autenticación pcc
050 14 - SIGNATURA TOPOGRÁFICA DE LA BIBLIOTECA DEL CONGRESO
Número de clasificación HB 171
Número de ítem W561n 2002
082 00 - NÚMERO DE LA CLASIFICACIÓN DECIMAL DEWEY
Número de clasificación 330
100 1# - ENTRADA PRINCIPAL--NOMBRE DE PERSONA
Nombre de persona Wheelan, Charles J.
245 10 - MENCIÓN DEL TÍTULO
Título Naked economics :
Resto del título undressing the dismal science /
Mención de responsabilidad, etc. Charles Wheelan ; foreword by Burton G. Malkiel.
250 ## - MENCION DE EDICION
Mención de edición 1st ed.
260 ## - PUBLICACIÓN, DISTRIBUCIÓN, ETC.
Lugar de publicación, distribución, etc. New York :
Nombre del editor, distribuidor, etc. Norton,
Fecha de publicación, distribución, etc. c2002.
300 ## - DESCRIPCIÓN FÍSICA
Extensión xxii, 260 p. ;
Dimensiones 25 cm.
504 ## - NOTA DE BIBLIOGRAFÍA, ETC.
Nota de bibliografía, etc. Includes bibliographical references and index.
505 ## - NOTA DE CONTENIDO CON FORMATO
Nota de contenido con formato The power of markets : Who feeds Paris? -- Incentives matter : why you might be able to save your face by cutting off your nose (if you are a black rhinoceros) -- Government and the economy : government is your friend (and a round of applause for all those lawyers) -- Government and the economy II : the army was lucky to get that screwdriver for $500 -- Economics of information : McDonald's didn't create a better hamburger -- Productivity and human capital : Why is Bill Gates so much richer than you are? -- Financial markets : what economics can tell us about getting rich quick (and losing weight, too!) -- The power of organized interests : what economics can tell us about politics -- Keeping score : Is my economy bigger than your economy? -- The Federal Reserve : why that dollar in your pocket is more than just a piece of paper -- Trade and globalization : the good news about Asian sweatshops -- Development economics : the wealth and poverty of nations -- Epilogue : life in 2050 : seven questions.
520 ## - RESUMEN, ETC.
Sumario, etc. Seeks to provide an engaging and comprehensive primer to economics that explains key concepts without technical jargon and using common-sense examples.
650 #4 - PUNTO DE ACCESO ADICIONAL DE MATERIA--TÉRMINO DE MATERIA
Término de materia o nombre geográfico como elemento de entrada 20150600
650 #4 - PUNTO DE ACCESO ADICIONAL DE MATERIA--TÉRMINO DE MATERIA
Término de materia o nombre geográfico como elemento de entrada Economía.
650 #0 - PUNTO DE ACCESO ADICIONAL DE MATERIA--TÉRMINO DE MATERIA
Término de materia o nombre geográfico como elemento de entrada Economics.
942 ## - ELEMENTOS DE ENTRADA SECUNDARIOS (KOHA)
Fuente del sistema de clasificación o colocación Clasificación de Library of Congress
Tipo de ítem Koha
946 ## - PROCESAMIENTO DE INFORMACIÓN LOCAL (OCLC)
a dpf
Holdings
Estatus retirado Estado de pérdida Fuente del sistema de clasificación o colocación Estado de daño No para préstamo Colección Biblioteca de origen Biblioteca actual Ubicación en estantería Fecha de adquisición Serial enumeration / chronology Signatura topográfica completa Código de barras Visto por última vez Copia número Tipo de ítem Koha
    Clasificación de Library of Congress     Ciencias Sociales Biblioteca Juan Bosch Biblioteca Juan Bosch Ciencias Sociales (3er. Piso) 10/04/2023 1 HB 171 W561n 2002 00000112616 24/10/2018 1